000
00316 a2200157 4500
001
60403
020
_a
040
_c
Anchieta - Pituba
100
_a
Tronca, Ítalo
240
1
0
_a
Revolução de 1930
_l
por
245
1
0
_a
Revolução de 1930
300
_a
101
362
0
_a
1982
650
4
_a
Brasil
942
_c
BK
999
_c
60403
_d
60403